[Event "XI C.to Italiano U20"]
[Site "Bratto - Castione della Presolana ITA"]
[Date "2003.08.21"]
[Round "1"]
[White "Reduzzi, Maurizio"]
[Black "Reginato, Mauro"]
[Result "1-0"]
[WhiteElo "1749"]
[BlackElo "1453"]
[PlyCount "77"]
[EventDate "2003.08.21"]

1. d4 d5 2. Nf3 e6 3. c4 Nf6 4. Nc3 Be7 5. Bg5 Nbd7 6. e3 c5 7. Bd3 dxc4 8.
Bxc4 Nb6 9. Bd3 cxd4 10. exd4 Nfd5 11. Bxe7 Qxe7 12. O-O O-O 13. Ne4 Nd7 14.
Ne5 f5 15. Nd2 Nxe5 16. dxe5 Bd7 17. Nc4 Nf4 18. Be2 Bc6 19. Bf3 Bb5 20. Qb3
Bc6 21. Bxc6 bxc6 22. Nd6 Rab8 23. Qc2 Qg5 24. g3 Nh3+ 25. Kg2 Nf4+ 26. Kh1 Nh3
27. f4 Qh6 28. b3 g5 29. Rf3 Rb4 30. Qd2 c5 31. Nc4 Rb7 32. Rd1 Rg7 33. Qe3
gxf4 34. gxf4 Qg6 35. Rg3 Qh5 36. Rd7 Rff7 37. Rd8+ Rf8 38. Rxf8+ Kxf8 39.
Qxc5+ 1-0

[Event "XI C.to Italiano U20"]
[Site "Bratto - Castione della Presolana ITA"]
[Date "2003.08.21"]
[Round "1"]
[White "Rombaldoni, Denis"]
[Black "Hellweger, Stefan"]
[Result "1-0"]
[WhiteElo "2064"]
[BlackElo "1576"]
[PlyCount "69"]
[EventDate "2003.08.21"]

1. d4 d6 2. c4 Nd7 3. Nc3 e5 4. Nf3 Be7 5. g3 Ngf6 6. Bg2 exd4 7. Nxd4 Nc5 8.
b4 Ne6 9. Nf5 O-O 10. Bb2 Re8 11. Nd5 Nxd5 12. cxd5 Bf6 13. dxe6 Bxb2 14. exf7+
Kxf7 15. Nxd6+ Qxd6 16. Qb3+ Be6 17. Qxb2 Bc4 18. Bf3 Bxe2 19. Bxe2 Re4 20. O-O
Rxb4 21. Qc3 c5 22. Bc4+ Kf8 23. Qf3+ Qf6 24. Qd5 Rd8 25. Qg8+ Ke7 26. Rfe1+
Kd7 27. Rad1+ Kc7 28. Rxd8 Qxd8 29. Qf7+ Kb6 30. a3 Rb2 31. Qe6+ Ka5 32. Qe5
Qb6 33. Qc3+ Ka4 34. Bd3 Qb3 35. Re4+ 1-0

[Event "XI C.to Italiano U20"]
[Site "Bratto - Castione della Presolana ITA"]
[Date "2003.08.21"]
[Round "1"]
[White "Sautto, Daniele"]
[Black "Lampl, Gerald"]
[Result "1-0"]
[WhiteElo "2130"]
[BlackElo "1600"]
[PlyCount "43"]
[EventDate "2003.08.21"]

1. e4 d5 2. exd5 Nf6 3. d4 Nxd5 4. c4 Nb6 5. Nc3 e5 6. d5 Bb4 7. Nge2 c6 8. a3
Be7 9. Ng3 cxd5 10. cxd5 O-O 11. Be2 f5 12. O-O Bd6 13. Bd2 Qh4 14. Nb5 Rf6 15.
Nh5 Rg6 16. Qb3 f4 17. g3 fxg3 18. fxg3 Qh3 19. Qf3 Bc5+ 20. Kh1 N8d7 21. Qf7+
Kh8 22. Qe8+ 1-0

[Event "XI C.to Italiano U20"]
[Site "Bratto - Castione della Presolana ITA"]
[Date "2003.08.21"]
[Round "1"]
[White "Stirpe, Claudio"]
[Black "Tomba, Ivan"]
[Result "0-1"]
[WhiteElo "1668"]
[BlackElo "2175"]
[PlyCount "80"]
[EventDate "2003.08.21"]

1. d4 Nf6 2. c4 g6 3. Nc3 Bg7 4. e4 d6 5. f3 O-O 6. Be3 Nc6 7. Nge2 a6 8. Qd2
Rb8 9. a4 Re8 10. d5 Ne5 11. Nd4 e6 12. Be2 exd5 13. cxd5 c5 14. Nb3 Bd7 15. h3
b5 16. a5 Nh5 17. Bf2 Qf6 18. Nc1 Nf4 19. Bf1 Nc4 20. Bxc4 bxc4 21. Kf1 Qg5 22.
Be3 Rxb2 23. Bxf4 Rxd2 24. Bxg5 Bxc3 25. Bxd2 Bxa1 26. Na2 Bd4 27. Ke2 Rb8 28.
Rc1 Rb2 29. Nc3 Bf6 30. Nd1 Ra2 31. Ke1 Bh4+ 32. Ke2 Bg5 33. Ne3 Bb5 34. Ke1 c3
35. Rxc3 Rxa5 36. Nc2 Bh4+ 37. Kd1 Ra2 38. Kc1 Bf6 39. Re3 Ba4 40. Ra3 Rxc2+
0-1

[Event "XI C.to Italiano U20"]
[Site "Bratto - Castione della Presolana ITA"]
[Date "2003.08.21"]
[Round "1"]
[White "Stromboli, Carlo"]
[Black "Bertagnolli, Alexander"]
[Result "0-1"]
[WhiteElo "1744"]
[BlackElo "2290"]
[PlyCount "88"]
[EventDate "2003.08.21"]

1. e4 g6 2. d4 Bg7 3. c3 d5 4. exd5 Qxd5 5. Nf3 Bg4 6. Be2 Nf6 7. c4 Qd6 8. Nc3
a6 9. Be3 O-O 10. O-O Rd8 11. Qb3 Nc6 12. c5 Qd7 13. Ng5 e6 14. Rfd1 Bxe2 15.
Nxe2 h6 16. Nf3 Qd5 17. Qa4 g5 18. Rac1 Qf5 19. Ng3 Qg6 20. Qb3 Nd5 21. Qc4 f5
22. Ne2 Kh7 23. Bd2 Bf6 24. Qd3 Rd7 25. Ne1 Rad8 26. Bc3 f4 27. Qxg6+ Kxg6 28.
Rd3 Kf5 29. Nc2 e5 30. dxe5 Nxc3 31. Nxc3 Rxd3 32. exf6 Kxf6 33. Re1 Kf5 34.
Na3 Ne5 35. h3 h5 36. Kf1 g4 37. h4 Rd2 38. Rxe5+ Kxe5 39. Nc4+ Kf5 40. Nxd2
Rxd2 41. b4 Rc2 42. Nd5 Ke4 43. Nf6+ Kd3 44. Kg1 g3 0-1

[Event "XI C.to Italiano U20"]
[Site "Bratto - Castione della Presolana ITA"]
[Date "2003.08.21"]
[Round "1"]
[White "Stromboli, Ettore"]
[Black "Pagan, Andrea"]
[Result "1-0"]
[WhiteElo "2155"]
[BlackElo "1603"]
[PlyCount "59"]
[EventDate "2003.08.21"]

1. e4 c6 2. d4 d5 3. Nd2 dxe4 4. Nxe4 Bf5 5. Ng3 Bg6 6. Bc4 e6 7. f4 Nf6 8.
N1e2 Bd6 9. O-O O-O 10. f5 exf5 11. Nxf5 Bxf5 12. Rxf5 Qc7 13. h3 Nbd7 14. Bf4
Nb6 15. Bd3 Rfe8 16. Qf1 Nbd5 17. Bd2 Re6 18. Qf2 Rae8 19. Rf1 Ne3 20. Bxe3
Rxe3 21. Qh4 Rxd3 22. cxd3 Rxe2 23. Rxf6 Be7 24. Rxf7 Qd6 25. Qg4 Rxg2+ 26.
Qxg2 Qxd4+ 27. Kh1 Bc5 28. Rxb7 g6 29. Qxc6 Qxd3 30. Qc8+ 1-0

[Event "XI C.to Italiano U20"]
[Site "Bratto - Castione della Presolana ITA"]
[Date "2003.08.21"]
[Round "1"]
[White "Valsecchi, Alessio"]
[Black "Navarro, Stefano"]
[Result "0-1"]
[WhiteElo "1600"]
[BlackElo "2125"]
[PlyCount "54"]
[EventDate "2003.08.21"]

1. e4 e5 2. Nf3 Nc6 3. Bc4 Bc5 4. O-O Nf6 5. c3 Bb6 6. Re1 d6 7. h3 Qe7 8. d3
Be6 9. Bxe6 fxe6 10. d4 exd4 11. cxd4 O-O 12. Nc3 Rad8 13. d5 Ne5 14. Ng5 Bxf2+
15. Kh1 Bxe1 16. Nxe6 Bxc3 17. bxc3 Nxe4 18. Qe1 Nd3 19. Qe3 Rf1+ 20. Kh2 Ndf2
21. Bb2 Rxa1 22. Bxa1 Rd7 23. c4 Qh4 24. Qf3 Rf7 25. Qe2 Qg3+ 26. Kg1 Nxh3+ 27.
Kh1 Nef2+ 0-1

[Event "XI C.to Italiano U20"]
[Site "Bratto - Castione della Presolana ITA"]
[Date "2003.08.21"]
[Round "1"]
[White "Visentin, Lorenzo"]
[Black "Bonafede, Alessandro"]
[Result "0-1"]
[WhiteElo "1600"]
[BlackElo "2098"]
[PlyCount "70"]
[EventDate "2003.08.21"]

1. d4 f5 2. c4 Nf6 3. Nc3 g6 4. Nf3 Bg7 5. Bf4 d6 6. g3 O-O 7. Bg2 c6 8. O-O
Qe8 9. Qb3 Kh8 10. d5 Na6 11. Nd4 Nc5 12. Qc2 Nxd5 13. cxd5 Bxd4 14. dxc6 bxc6
15. e3 Bg7 16. Nb5 Qd7 17. Rfd1 Ne4 18. Nc3 Nxc3 19. bxc3 e5 20. Qa4 d5 21. Bg5
e4 22. Qb4 Re8 23. Rab1 Ba6 24. c4 h6 25. Bf4 g5 26. Qd6 Red8 27. Qxd7 Rxd7 28.
Bb8 Bxc4 29. a3 Ba2 30. Rbc1 Rxb8 31. Rxc6 Rdb7 32. h3 Bc4 33. Kh2 Rb3 34. Rc7
Rxa3 35. h4 gxh4 0-1

[Event "XI C.to Italiano U20"]
[Site "Bratto - Castione della Presolana ITA"]
[Date "2003.08.22"]
[Round "2"]
[White "Bellemo, Davide"]
[Black "Castellano, Fabio Marco"]
[Result "0-1"]
[WhiteElo "1618"]
[BlackElo "1534"]
[PlyCount "80"]
[EventDate "2003.08.21"]

1. c4 Nf6 2. Nc3 g6 3. g3 Bg7 4. Bg2 d6 5. e4 Nbd7 6. Nge2 O-O 7. d4 c6 8. O-O
e5 9. d5 Qc7 10. Be3 Ng4 11. Bd2 f5 12. Qa4 Nc5 13. Qc2 a5 14. h3 Nf6 15. f3
Bd7 16. Be3 h5 17. Rad1 cxd5 18. Nxd5 Nxd5 19. cxd5 Bb5 20. Rfe1 Rac8 21. Rc1
Qd7 22. Qd2 b6 23. b4 axb4 24. Qxb4 Nd3 25. Qb1 Nxc1 26. Nxc1 Rb8 27. Nb3 fxe4
28. fxe4 Kh7 29. Qb2 Bh6 30. Bf2 Qc7 31. Nc1 Bd7 32. Nd3 b5 33. Bf1 Rbc8 34.
Qa3 Rf6 35. Rb1 Rcf8 36. Rb3 Be3 37. Rb2 Qb6 38. Bxe3 Rxf1+ 39. Kg2 Qxe3 40.
Qxd6 Qg1# 0-1

[Event "XI C.to Italiano U20"]
[Site "Bratto - Castione della Presolana ITA"]
[Date "2003.08.22"]
[Round "2"]
[White "Bertagnolli, Alexander"]
[Black "Cappai, Davide"]
[Result "1-0"]
[WhiteElo "2290"]
[BlackElo "2105"]
[PlyCount "82"]
[EventDate "2003.08.21"]

1. c4 e5 2. Nc3 Nc6 3. g3 g6 4. Bg2 Bg7 5. Rb1 Nge7 6. b4 d6 7. e3 O-O 8. Nge2
Bf5 9. d3 Qc8 10. h3 Be6 11. Nd5 Qd7 12. Nec3 Nd8 13. Qb3 Nf5 14. Ne4 f6 15. b5
c6 16. bxc6 bxc6 17. Ndc3 Nf7 18. Ba3 Ne7 19. Qb7 Rfd8 20. O-O f5 21. Nd2 Rac8
22. Qa6 Rc7 23. Na4 f4 24. Kh2 fxg3+ 25. fxg3 Nf5 26. Rbe1 Bh6 27. Ne4 Kg7 28.
Rf3 Qc8 29. Qa5 Ng5 30. Rxf5 Nxe4 31. Rff1 Nf6 32. Bxd6 Rxd6 33. Qxe5 Qf8 34.
Rxf6 Qxf6 35. Qxd6 Rd7 36. Qxc6 Rxd3 37. Nc5 Rd2 38. Nxe6+ Kg8 39. Qe8+ Bf8 40.
Qxf8+ Qxf8 41. Nxf8 Kxf8 1-0

[Event "XI C.to Italiano U20"]
[Site "Bratto - Castione della Presolana ITA"]
[Date "2003.08.22"]
[Round "2"]
[White "Bonafede, Alessandro"]
[Black "Piscopo, Pierluigi"]
[Result "1/2-1/2"]
[WhiteElo "2098"]
[BlackElo "2319"]
[PlyCount "64"]
[EventDate "2003.08.21"]

1. e4 c5 2. Nf3 e6 3. d3 Nc6 4. g3 d5 5. Nbd2 g6 6. Bg2 Bg7 7. O-O Nge7 8. Re1
O-O 9. e5 Qc7 10. Qe2 f6 11. exf6 Bxf6 12. Nf1 Nd4 13. Nxd4 Bxd4 14. Ne3 Bd7
15. c3 Bg7 16. Ng4 Nc6 17. Bh6 Rf5 18. Bxg7 Kxg7 19. f4 Qd6 20. Bh3 Rh5 21. Nf2
e5 22. g4 Rxh3 23. fxe5 Nxe5 24. Qxe5+ Qxe5 25. Rxe5 Rf3 26. Rxd5 Bc6 27. Rxc5
Re8 28. b4 Re2 29. Rf1 Rxa2 30. b5 Be8 31. Rc7+ Rf7 32. Rxf7+ Bxf7 1/2-1/2

[Event "XI C.to Italiano U20"]
[Site "Bratto - Castione della Presolana ITA"]
[Date "2003.08.22"]
[Round "2"]
[White "Bonarrigo, Marco"]
[Black "Stromboli, Ettore"]
[Result "0-1"]
[WhiteElo "1765"]
[BlackElo "2155"]
[PlyCount "62"]
[EventDate "2003.08.21"]

1. e4 e6 2. d4 d5 3. e5 c5 4. c3 Nc6 5. Nf3 Qb6 6. a3 c4 7. Be2 Bd7 8. Nbd2 Na5
9. O-O Be7 10. Rb1 h5 11. b3 cxb3 12. c4 Ba4 13. Bb2 Rc8 14. c5 Qc7 15. Bc3 Nh6
16. Bxa5 Qxa5 17. Nxb3 Qc7 18. Qd2 O-O 19. Na5 b6 20. cxb6 axb6 21. Rfc1 Qa7
22. Nb3 Bxa3 23. Rxc8 Rxc8 24. Ne1 Bxb3 25. Rxb3 Bc1 26. Qb4 Qa2 27. Qb5 Nf5
28. Nf3 Bh6 29. Bf1 Rc1 30. Qxb6 Qe2 31. Qd8+ Kh7 0-1

[Event "XI C.to Italiano U20"]
[Site "Bratto - Castione della Presolana ITA"]
[Date "2003.08.22"]
[Round "2"]
[White "Bove, Alessandro"]
[Black "Nardi, Marco"]
[Result "1/2-1/2"]
[WhiteElo "2129"]
[BlackElo "1774"]
[PlyCount "46"]
[EventDate "2003.08.21"]

1. e4 e5 2. f4 Bc5 3. Nf3 d6 4. c3 Nf6 5. d4 exd4 6. cxd4 Bb6 7. Nc3 O-O 8. e5
Re8 9. Be2 Nfd7 10. Bc4 Nf8 11. Qd3 Be6 12. Bd2 dxe5 13. dxe5 Nc6 14. O-O-O Nb4
15. Qxd8 Raxd8 16. Bxe6 Nxe6 17. f5 Nc5 18. Bg5 Rxd1+ 19. Rxd1 Ncd3+ 20. Kb1 h6
21. a3 hxg5 22. axb4 Nxe5 23. Nxg5 Nc6 1/2-1/2

[Event "XI C.to Italiano U20"]
[Site "Bratto - Castione della Presolana ITA"]
[Date "2003.08.22"]
[Round "2"]
[White "Braschi, Giancarlo"]
[Black "Lorusso, Giuseppe"]
[Result "1-0"]
[WhiteElo "2138"]
[BlackElo "1801"]
[PlyCount "67"]
[EventDate "2003.08.21"]

1. d4 Nf6 2. c4 c5 3. d5 b5 4. Nf3 g6 5. cxb5 a6 6. Qc2 d6 7. e4 Bg7 8. Nc3 O-O
9. a4 axb5 10. Bxb5 Na6 11. O-O Nb4 12. Qe2 Ba6 13. Bd2 Nd7 14. Bxa6 Nxa6 15.
b3 Qb6 16. Rab1 Rfb8 17. Rfc1 Rb7 18. Bf4 Nf6 19. e5 Nh5 20. Bd2 Bh8 21. e6 f6
22. g4 Ng7 23. Nh4 Ne8 24. f4 Nec7 25. f5 Nb4 26. fxg6 hxg6 27. Qe4 g5 28. Nf3
Bg7 29. Rf1 Qa6 30. Ne1 Rbb8 31. Rf3 Qb7 32. Rh3 Ncxd5 33. Qh7+ Kf8 34. Qg6 1-0

[Event "XI C.to Italiano U20"]
[Site "Bratto - Castione della Presolana ITA"]
[Date "2003.08.22"]
[Round "2"]
[White "Buchicchio, Alessandro"]
[Black "Buono, Michele"]
[Result "1/2-1/2"]
[WhiteElo "1785"]
[BlackElo "2129"]
[PlyCount "67"]
[EventDate "2003.08.21"]

1. d4 d5 2. c4 c6 3. Nf3 Nf6 4. e3 e6 5. Nc3 Nbd7 6. Bd3 a6 7. a4 Be7 8. O-O
O-O 9. Bd2 dxc4 10. Bxc4 c5 11. e4 Nb6 12. Bd3 cxd4 13. Ne2 a5 14. Bf4 Bc5 15.
Be5 Nbd7 16. Bxd4 Bxd4 17. Nexd4 Nc5 18. e5 Nd5 19. Bxh7+ Kxh7 20. Qc2+ g6 21.
Qxc5 b6 22. Qa3 Kg7 23. Rfd1 Rh8 24. Nc6 Qd7 25. Rac1 Bb7 26. Ncd4 Rac8 27.
Rxc8 Rxc8 28. h3 Ba6 29. Qb3 Rc4 30. Ra1 Nb4 31. Rd1 Nd5 32. Ra1 Nb4 33. Rd1
Nd5 34. Ra1 1/2-1/2

[Event "XI C.to Italiano U20"]
[Site "Bratto - Castione della Presolana ITA"]
[Date "2003.08.22"]
[Round "2"]
[White "Buchicchio, Giampaolo"]
[Black "Massironi, Marco"]
[Result "1-0"]
[WhiteElo "2253"]
[BlackElo "2082"]
[PlyCount "46"]
[EventDate "2003.08.21"]

1. e4 c5 2. c3 d5 3. exd5 Qxd5 4. d4 cxd4 5. cxd4 Nc6 6. Nf3 e5 7. Nc3 Bb4 8.
Be2 exd4 9. O-O Bxc3 10. bxc3 Nge7 11. Nxd4 O-O 12. Bf3 Qa5 13. Qb3 Nxd4 14.
cxd4 Nf5 15. Bb2 Rd8 16. Bc3 Qc7 17. Rae1 a5 18. Re5 Ra6 19. Rfe1 Re6 20. Bxa5
Qxa5 21. Qb1 Rxe5 22. Rxe5 Qc7 23. Qe1 23... Qd7 $139 1-0

[Event "XI C.to Italiano U20"]
[Site "Bratto - Castione della Presolana ITA"]
[Date "2003.08.22"]
[Round "2"]
[White "Buono, Valerio"]
[Black "Sautto, Daniele"]
[Result "0-1"]
[WhiteElo "1705"]
[BlackElo "2130"]
[PlyCount "74"]
[EventDate "2003.08.21"]

1. e4 c5 2. Nf3 e6 3. d4 cxd4 4. Nxd4 Nf6 5. Bd3 Nc6 6. c3 Qc7 7. f4 Nxd4 8.
cxd4 Bb4+ 9. Bd2 Qb6 10. d5 Qe3+ 11. Qe2 Bxd2+ 12. Nxd2 Qxf4 13. g3 Qc7 14. Nb3
O-O 15. dxe6 dxe6 16. O-O Qe5 17. Rac1 b6 18. Rc2 Bb7 19. Re1 Rac8 20. Rd2 Rfd8
21. Bb1 h6 22. Rxd8+ Rxd8 23. Qf2 Bc6 24. Qf4 Qxf4 25. gxf4 a5 26. e5 Nh5 27.
Rc1 Ba8 28. f5 exf5 29. Bxf5 g6 30. Bg4 Nf4 31. Rf1 g5 32. h4 a4 33. Na1 Rd2
34. Rf2 Rxf2 35. Kxf2 Nd3+ 36. Ke3 Nxe5 37. Bd1 Nc4+ 0-1

[Event "XI C.to Italiano U20"]
[Site "Bratto - Castione della Presolana ITA"]
[Date "2003.08.22"]
[Round "2"]
[White "D'Apa, Matteo"]
[Black "Valsecchi, Alessio"]
[Result "0-1"]
[WhiteElo "1747"]
[BlackElo "1600"]
[PlyCount "86"]
[EventDate "2003.08.21"]

1. d4 Nf6 2. c4 e6 3. Nf3 d5 4. Bg5 Be7 5. e3 Nbd7 6. Nc3 c6 7. c5 b6 8. b4 a5
9. a3 b5 10. Bd3 Qc7 11. O-O e5 12. dxe5 Nxe5 13. Nd4 axb4 14. Bxf6 gxf6 15.
Ncxb5 cxb5 16. Bxb5+ Kf8 17. axb4 Rxa1 18. Qxa1 Rg8 19. g3 h5 20. Qa8 Qb7 21.
Qxb7 Bxb7 22. Ra1 Bc8 23. Ba6 Kg7 24. Bxc8 Rxc8 25. Nf5+ Kf8 26. Kf1 Rb8 27.
Nd4 Ke8 28. Rb1 Bxc5 29. b5 Bxd4 30. exd4 Nc6 31. Rc1 Ne7 32. Rc5 Kd7 33. Ke2
Ke6 34. Ke3 Nf5+ 35. Kd3 Nd6 36. f3 Rxb5 37. Rc3 Rb2 38. Rc2 Rxc2 39. Kxc2 f5
40. Kd2 f4 41. g4 hxg4 42. fxg4 f5 43. g5 Ne4+ 0-1

[Event "XI C.to Italiano U20"]
[Site "Bratto - Castione della Presolana ITA"]
[Date "2003.08.22"]
[Round "2"]
[White "Dessi', Fabrizio Daniele"]
[Black "Parpinel, Marco"]
[Result "0-1"]
[WhiteElo "1522"]
[BlackElo "1606"]
[PlyCount "200"]
[EventDate "2003.08.21"]

1. d4 g6 2. c4 Bg7 3. h3 d6 4. Nf3 Nf6 5. g3 O-O 6. Bg2 c5 7. dxc5 Qa5+ 8. Nc3
Ne4 9. Bd2 Nxc3 10. Bxc3 Bxc3+ 11. bxc3 Qxc3+ 12. Nd2 dxc5 13. Rb1 Rd8 14. Rxb7
Bxb7 15. Bxb7 Na6 16. Bxa8 Rxa8 17. Qb3 Qc1+ 18. Qd1 Qc3 19. Qb3 Qa1+ 20. Qb1
Qc3 21. Qb3 Qc1+ 22. Qd1 Qc3 23. Qb3 Qa1+ 24. Qb1 Qc3 25. Qb3 Qc1+ 26. Qd1 Qc3
27. Qb3 Qa1+ 28. Qb1 Qc3 29. Qb3 Qc1+ 30. Qd1 Qc3 31. Qb3 Qa1+ 32. Qb1 Qc3 33.
Qb3 Qc1+ 34. Qd1 Qc3 35. Qb3 Qa1+ 36. Qb1 Qc3 37. Qb3 Qc1+ 38. Qd1 Qc3 39. Qb3
Qa1+ 40. Qb1 Qc3 41. Qb3 Qa1+ 42. Qb1 Qd4 43. Qe4 Qxe4 44. Nxe4 Rb8 45. O-O Rb2
46. Nc3 Rc2 47. Nd5 Rxe2 48. Rb1 e6 49. Ne7+ Kf8 50. Nc6 Rxa2 51. Rb5 Ra4 52.
Ne5 Ke8 53. Rb7 Nb4 54. Rb8+ Ke7 55. Rb7+ Ke8 56. Rb8+ Ke7 57. Rb7+ Kf6 58.
Nd7+ Kg7 59. Nxc5 Ra1+ 60. Kg2 a5 61. Nxe6+ Kf6 62. Nd4 Ra2 63. c5 Rd2 64. Rb6+
Ke7 65. Rd6 Nd3 66. Nc6+ Ke8 67. Nxa5 Rxf2+ 68. Kg1 Nxc5 69. Rc6 Rf5 70. Nc4
Ne4 71. g4 Rc5 72. Rxc5 Nxc5 73. Kg2 Ke7 74. Kf3 h6 75. Ne3 Ke6 76. h4 Nb7 77.
Kf4 Nd6 78. g5 h5 79. Nc2 Nf5 80. Nb4 Nxh4 81. Nc6 Nf5 82. Nd8+ Ke7 83. Nc6+
Kd7 84. Ne5+ Ke6 85. Nf3 f6 86. Ke4 Nd6+ 87. Kf4 Nf7 88. gxf6 Kxf6 89. Kg3 g5
90. Nh2 Ne5 91. Kh3 Kf5 92. Kg2 Kf4 93. Kg1 Nf3+ 94. Kg2 Nxh2 95. Kxh2 g4 96.
Kg2 h4 97. Kg1 Kf3 98. Kh1 Kf2 99. Kh2 g3+ 100. Kh1 g2+ 0-1

[Event "XI C.to Italiano U20"]
[Site "Bratto - Castione della Presolana ITA"]
[Date "2003.08.22"]
[Round "2"]
[White "Di Caro, Calogero"]
[Black "Rombaldoni, Denis"]
[Result "1-0"]
[WhiteElo "2221"]
[BlackElo "2064"]
[PlyCount "51"]
[EventDate "2003.08.21"]

1. Nf3 d5 2. d4 e6 3. c4 Nf6 4. Nc3 Be7 5. Bg5 Nbd7 6. e3 O-O 7. Rc1 c5 8. cxd5
cxd4 9. Qxd4 Nxd5 10. Bxe7 Nxe7 11. Be2 Nf5 12. Qb4 b6 13. O-O Nc5 14. Rfd1 a5
15. Qf4 Qe7 16. e4 Nh6 17. Qd6 Qa7 18. Ne5 Bb7 19. f3 Qb8 20. Nc4 f5 21. Qxb6
Rc8 22. Qd6 fxe4 23. fxe4 Nxe4 24. Nxe4 Qa7+ 25. Nf2 Rf8 26. Qb6 1-0

[Event "XI C.to Italiano U20"]
[Site "Bratto - Castione della Presolana ITA"]
[Date "2003.08.22"]
[Round "2"]
[White "Ferrante, Marco"]
[Black "Mogranzini, Roberto"]
[Result "0-1"]
[WhiteElo "1849"]
[BlackElo "2172"]
[PlyCount "56"]
[EventDate "2003.08.21"]

1. e4 c5 2. Nf3 e6 3. d3 Nc6 4. g3 g6 5. Bg2 Bg7 6. O-O Nge7 7. Re1 d6 8. c3 e5
9. Nbd2 O-O 10. Nf1 Rb8 11. Be3 h6 12. Qd2 Kh7 13. h4 f5 14. N1h2 Ng8 15. h5
gxh5 16. Nh4 f4 17. Bxf4 exf4 18. e5 Bxe5 19. d4 cxd4 20. Qd3+ Kh8 21. Bxc6
fxg3 22. fxg3 bxc6 23. Ng6+ Kg7 24. Nxf8 Qxf8 25. cxd4 Rxb2 26. Rf1 Bf6 27.
Rac1 Bd7 28. Rce1 Qf7 0-1

[Event "XI C.to Italiano U20"]
[Site "Bratto - Castione della Presolana ITA"]
[Date "2003.08.22"]
[Round "2"]
[White "Ferrarese, Giacomo"]
[Black "Forato, Enrico"]
[Result "1-0"]
[WhiteElo "1507"]
[BlackElo "1600"]
[PlyCount "53"]
[EventDate "2003.08.21"]

1. c4 f5 2. Nc3 Nf6 3. g3 b6 4. Bg2 c6 5. d3 Bb7 6. Nf3 e6 7. O-O d5 8. cxd5
exd5 9. Nd4 Qd7 10. Re1 c5 11. Nf3 d4 12. Ne5 Qc7 13. Nb5 Qc8 14. Nc4 Kd7 15.
e4 Be7 16. Bh3 Qf8 17. Bxf5+ Kd8 18. Bf4 Ne8 19. a4 a6 20. Nba3 Nc6 21. Nxb6 g6
22. Nxa8 Bxa8 23. Bh3 g5 24. Bd2 h5 25. Bg2 Ne5 26. Nc4 Nxd3 27. Ba5+ 1-0

[Event "XI C.to Italiano U20"]
[Site "Bratto - Castione della Presolana ITA"]
[Date "2003.08.22"]
[Round "2"]
[White "Fratino, Lorenzo"]
[Black "Stirpe, Claudio"]
[Result "0-1"]
[WhiteElo "1548"]
[BlackElo "1668"]
[PlyCount "102"]
[EventDate "2003.08.21"]

1. e4 e5 2. d4 exd4 3. Qxd4 Nc6 4. Qe3 Nf6 5. Nc3 Bb4 6. Bd2 O-O 7. O-O-O Re8
8. Bc4 Na5 9. Be2 d5 10. Qg3 Bd6 11. Bf4 dxe4 12. Bxd6 cxd6 13. Rxd6 Qe7 14.
Nh3 h6 15. Rhd1 Be6 16. Nf4 Bc4 17. Nh5 Nxh5 18. Bxh5 Qe5 19. Qxe5 Rxe5 20. Be2
Bxe2 21. Nxe2 Rf5 22. Rf1 e3 23. Ng3 Rxf2 24. Rxf2 exf2 25. Rd2 f1=Q+ 26. Nxf1
Re8 27. Ng3 Re1+ 28. Rd1 Rxd1+ 29. Kxd1 Nc4 30. b3 Ne3+ 31. Ke2 Nxg2 32. Kf3
Ne1+ 33. Ke4 Nxc2 34. Kd5 Nb4+ 35. Ke4 Nc6 36. Kd5 Kf8 37. Kd6 g6 38. Kc7 Ke7
39. Kxb7 Kd7 40. Ne4 f5 41. Nf6+ Ke6 42. Kxc6 Kxf6 43. Kb7 f4 44. b4 f3 45. b5
f2 46. Kxa7 f1=Q 47. a4 Qc4 48. b6 Qxa4+ 49. Kb8 Ke7 50. b7 Kd7 51. h3 Qa6 0-1

[Event "XI C.to Italiano U20"]
[Site "Bratto - Castione della Presolana ITA"]
[Date "2003.08.22"]
[Round "2"]
[White "Gatterer, Matthias"]
[Black "Boscolo, Marco"]
[Result "1/2-1/2"]
[WhiteElo "1684"]
[BlackElo "1567"]
[PlyCount "164"]
[EventDate "2003.08.21"]

1. d4 d5 2. c4 e6 3. Nc3 c6 4. Nf3 Nf6 5. Qc2 dxc4 6. a4 Nd5 7. e4 Nxc3 8. Qxc3
b5 9. Be2 Bb7 10. O-O Be7 11. b3 b4 12. Qxc4 Ba6 13. Qc2 Bxe2 14. Qxe2 a5 15.
Be3 O-O 16. Rac1 f6 17. Rfd1 Qe8 18. Bf4 e5 19. dxe5 fxe5 20. Bxe5 Nd7 21. Bg3
Nc5 22. Qc4+ Kh8 23. Ne5 Rc8 24. Nd3 Nxd3 25. Qxd3 Bg5 26. Rc4 c5 27. Bd6 Be7
28. Qc2 Bxd6 29. Rxd6 Qe5 30. Qd1 Qf4 31. f3 Qg5 32. Rd5 Qe3+ 33. Kh1 h6 34.
Rd3 Qg5 35. Qc1 Qxc1+ 36. Rxc1 Rfd8 37. Rd5 Rxd5 38. exd5 c4 39. bxc4 b3 40.
Kg1 b2 41. Rb1 Rxc4 42. Rxb2 Rxa4 43. Rd2 Rc4 44. Kf2 Kg8 45. Ke3 Kf7 46. Ra2
a4 47. Kd3 Rb4 48. Kc3 Rb5 49. Kc4 Ra5 50. Kd4 a3 51. Ke5 Ke7 52. h4 Kd7 53. h5
Ke7 54. g4 Kd7 55. f4 Ke7 56. g5 hxg5 57. fxg5 Ra6 58. d6+ Rxd6 59. Rxa3 Rb6
60. Kf5 Kf7 61. Ra7+ Kf8 62. Rd7 Rc6 63. Rd5 Kf7 64. Rb5 Ra6 65. Rc5 Rb6 66.
g6+ Ke7 67. Rc7+ Kf8 68. Ke5 Rb8 69. Ke6 Re8+ 70. Kd6 Rd8+ 71. Kc6 Rb8 72. Kd7
Ra8 73. Rb7 Re8 74. Rb5 Ra8 75. Rf5+ Kg8 76. Kd6 Ra6+ 77. Ke5 Ra5+ 78. Kf4 Ra4+
79. Kg5 Ra1 80. Rd5 Ra8 81. h6 gxh6+ 82. Kxh6 Rb8 1/2-1/2

[Event "XI C.to Italiano U20"]
[Site "Bratto - Castione della Presolana ITA"]
[Date "2003.08.22"]
[Round "2"]
[White "Hellweger, Stefan"]
[Black "Buchicchio, Roberto"]
[Result "1/2-1/2"]
[WhiteElo "1576"]
[BlackElo "1690"]
[PlyCount "85"]
[EventDate "2003.08.21"]

1. e4 c5 2. Nf3 Nc6 3. Bc4 d6 4. O-O Nf6 5. Nc3 Bg4 6. Be2 g6 7. d3 Bg7 8. h3
Bxf3 9. Bxf3 O-O 10. g3 Nd7 11. Bg2 Rb8 12. Be3 e6 13. Rb1 b5 14. a4 b4 15. Ne2
Qa5 16. b3 Qb6 17. Qd2 Rfe8 18. Rbd1 Nd4 19. Kh2 Qd8 20. f4 f5 21. Nxd4 cxd4
22. Bf2 Qf6 23. exf5 gxf5 24. Rde1 Rec8 25. Re2 Rc5 26. Rfe1 e5 27. Rf1 Bh6 28.
Rfe1 a5 29. Rf1 Nf8 30. Rfe1 Ng6 31. Qd1 Rf8 32. Kh1 Rf7 33. Kg1 Re7 34. Kh1
Kf8 35. fxe5 dxe5 36. Rf1 Qg5 37. h4 Qg4 38. Kh2 Nxh4 39. Bh3 Nf3+ 40. Kg2 Nh4+
41. Kh2 Nf3+ 42. Kg2 Nh4+ 43. Kh2 1/2-1/2

[Event "XI C.to Italiano U20"]
[Site "Bratto - Castione della Presolana ITA"]
[Date "2003.08.22"]
[Round "2"]
[White "Locatelli, Andrea"]
[Black "Ferro, Mario"]
[Result "1-0"]
[WhiteElo "2011"]
[BlackElo "2190"]
[PlyCount "37"]
[EventDate "2003.08.21"]

1. e4 d5 2. exd5 Qxd5 3. Nc3 Qa5 4. d4 c6 5. Nf3 Nf6 6. Ne5 e6 7. Bd3 Nbd7 8.
Nc4 Qc7 9. O-O Be7 10. Re1 Nb6 11. Ne5 O-O 12. Qf3 Rd8 13. Ne4 Bd7 14. Bg5 Be8
15. Bxf6 gxf6 16. Nxf6+ Bxf6 17. Qxf6 Nd5 18. Qg5+ Kh8 19. Qh6 1-0

[Event "XI C.to Italiano U20"]
[Site "Bratto - Castione della Presolana ITA"]
[Date "2003.08.22"]
[Round "2"]
[White "Longo, Aldo"]
[Black "Campanella, Giovanni"]
[Result "1-0"]
[WhiteElo "1677"]
[BlackElo "1549"]
[PlyCount "57"]
[EventDate "2003.08.21"]

1. e4 e6 2. d4 d5 3. Nd2 c5 4. exd5 exd5 5. Bb5+ Nc6 6. Qe2+ Be7 7. Ngf3 Bd7 8.
dxc5 Nf6 9. O-O O-O 10. Nb3 Re8 11. Be3 Qc7 12. Rad1 Rad8 13. Qd2 Ne5 14. Nfd4
Ne4 15. Qe2 Ng4 16. Nf3 Nxc5 17. Bxd7 Rxd7 18. Bxc5 Bxc5 19. Qxe8+ Bf8 20. Rfe1
Rd6 21. Nbd4 Rh6 22. h3 Nf6 23. Qe2 Nh5 24. Ne5 Nf4 25. Qg4 Ng6 26. Nf5 Nxe5
27. Nxh6+ Kh8 28. Rxe5 gxh6 29. Re8 1-0